[Event "Titled Tuesday intern op 16th May Late"]
[Site "Chess.com INT"]
[Date "2023.05.16"]
[Round "1"]
[White "Haack, Kevin"]
[Black "Ravuri, Vinesh"]
[Result "0-1"]
[WhiteElo "2303"]
[BlackElo "2166"]
[PlyCount "38"]
[EventDate "2023.05.16"]
[EventType "swiss (blitz)"]
[EventRounds "11"]
[EventCountry "USA"]
[SourceTitle "CBM 214 Extra"]
[Source "ChessBase"]
[SourceDate "2023.07.31"]
[SourceVersion "1"]
[SourceVersionDate "2023.07.31"]
[SourceQuality "1"]

1. e4 e5 2. Nf3 Nc6 3. Bc4 Bc5 4. c3 Nf6 5. d3 d6 6. 0-0 h6 7. h3 g5 8. b4 Bb6 9. a4 a5 10. b5 Ne7 11. Qb3 Rf8 12. Bxg5 hxg5 13. Nxg5 d5 14. exd5 Nfxd5 15. Re1 f6 16. Nh7 Rf7 17. Bxd5 Nxd5 18. Nxf6+ Qxf6 19. d4 Qxf2+ 0-1

[Event "Titled Tuesday intern op 16th May Late"]
[Site "Chess.com INT"]
[Date "2023.05.16"]
[Round "2"]
[White "Yanchenko, Roman"]
[Black "Ravuri, Vinesh"]
[Result "0-1"]
[WhiteElo "2466"]
[BlackElo "2166"]
[PlyCount "118"]
[EventDate "2023.05.16"]
[EventType "swiss (blitz)"]
[EventRounds "11"]
[EventCountry "USA"]
[SourceTitle "CBM 214 Extra"]
[Source "ChessBase"]
[SourceDate "2023.07.31"]
[SourceVersion "1"]
[SourceVersionDate "2023.07.31"]
[SourceQuality "1"]

1. d4 Nf6 2. c4 b6 3. Nf3 Bb7 4. g3 e6 5. Bg2 Be7 6. 0-0 0-0 7. Nc3 d6 8. b3 Nbd7 9. Bb2 Ne4 10. Rc1 f5 11. d5 e5 12. Nxe4 fxe4 13. Nd2 e3 14. fxe3 Bg5 15. Rc3 Nc5 16. Bc1 Qe7 17. b4 Rxf1+ 18. Bxf1 Nd7 19. e4 Rf8 20. Rf3 Nf6 21. Bg2 Ng4 22. Nf1 Bxc1 23. Qxc1 h6 24. Ne3 Nxe3 25. Qxe3 Rf6 26. Bh3 g5 27. Bf5 Kg7 28. h4 Rf8 29. hxg5 Qxg5 30. Qxg5+ hxg5 31. c5 Ba6 32. Kf2 Bc4 33. Rc3 Bxd5 34. exd5 Rxf5+ 35. Ke3 Rf1 36. cxd6 cxd6 37. Rc7+ Kf6 38. Rd7 Rb1 39. g4 Rxb4 40. Rxd6+ Ke7 41. Re6+ Kd7 42. Rxe5 Rxg4 43. Kd3 Kd6 44. Rf5 a5 45. e4 Rg1 46. Rf6+ Kd7 47. Rxb6 g4 48. e5 g3 49. Rb7+ Kc8 50. Rg7 g2 51. Ke2 Ra1 52. Rg8+ Kb7 53. Rxg2 Rxa2+ 54. Kf3 Rxg2 55. Kxg2 a4 56. Kf3 a3 57. Ke4 a2 58. e6 a1Q 59. Kf5 Kc7 0-1

[Event "Titled Tuesday intern op 19th May"]
[Site "Chess.com INT"]
[Date "2020.05.19"]
[Round "6"]
[White "Magallanes, Rey Jomar"]
[Black "Ravuri, Vinesh"]
[Result "1-0"]
[WhiteElo "2036"]
[BlackElo "2166"]
[PlyCount "59"]
[EventDate "2020.05.19"]
[EventType "swiss (blitz)"]
[EventRounds "10"]
[EventCountry "USA"]
[SourceTitle "EXT 2021"]
[Source "ChessBase"]
[SourceDate "2020.10.23"]
[SourceVersion "1"]
[SourceVersionDate "2020.10.23"]
[SourceQuality "1"]

1. e4 e5 2. Nf3 Nc6 3. Bc4 Bc5 4. d3 Nf6 5. c3 d6 6. a4 a6 7. 0-0 h6 8. Re1 0-0 9. d4 exd4 10. cxd4 Bb6 11. Nc3 Bg4 12. Be3 Bxf3 13. gxf3 Kh8 14. Kh1 Ne7 15. e5 Nd7 16. f4 Nf5 17. Qg4 Nxd4 18. Rg1 g6 19. e6 Nf6 20. Qh4 Nf5 21. Qh3 Bxe3 22. fxe3 d5 23. Bd3 fxe6 24. Rxg6 Nh7 25. Rxe6 d4 26. Bxf5 Rf6 27. Rxf6 Qxf6 28. Ne4 Qc6 29. Rg1 Re8 30. Qg2 1-0

[Event "Titled Tuesday intern op 19th May"]
[Site "Chess.com INT"]
[Date "2020.05.19"]
[Round "2"]
[White "Rakhmangulova, Anastasiya"]
[Black "Ravuri, Vinesh"]
[Result "0-1"]
[WhiteElo "2191"]
[BlackElo "2166"]
[PlyCount "44"]
[EventDate "2020.05.19"]
[EventType "swiss (blitz)"]
[EventRounds "10"]
[EventCountry "USA"]
[SourceTitle "EXT 2021"]
[Source "ChessBase"]
[SourceDate "2020.10.23"]
[SourceVersion "1"]
[SourceVersionDate "2020.10.23"]
[SourceQuality "1"]

1. e4 e5 2. Nf3 Nc6 3. c3 Nf6 4. d4 exd4 5. e5 Nd5 6. cxd4 Bb4+ 7. Bd2 Bxd2+ 8. Qxd2 0-0 9. Nc3 Nxc3 10. Qxc3 d6 11. Be2 Re8 12. 0-0 Bg4 13. Rfe1 dxe5 14. dxe5 Qe7 15. h3 Bh5 16. Bb5 Bxf3 17. Qxf3 Nxe5 18. Rxe5 Qxe5 19. Bxe8 Rxe8 20. Qxb7 g6 21. Rc1 Qf4 22. Qxc7 Re1+ 0-1

[Event "Titled Tuesday intern op 19th May"]
[Site "Chess.com INT"]
[Date "2020.05.19"]
[Round "1"]
[White "Ravuri, Vinesh"]
[Black "Omariev, Maksim"]
[Result "0-1"]
[WhiteElo "2166"]
[BlackElo "2304"]
[PlyCount "150"]
[EventDate "2020.05.19"]
[EventType "swiss (blitz)"]
[EventRounds "10"]
[EventCountry "USA"]
[SourceTitle "EXT 2021"]
[Source "ChessBase"]
[SourceDate "2020.10.23"]
[SourceVersion "1"]
[SourceVersionDate "2020.10.23"]
[SourceQuality "1"]

1. d4 Nf6 2. Nc3 g6 3. Bf4 d5 4. e3 Bg7 5. h4 a6 6. h5 Nxh5 7. Rxh5 gxh5 8. Qxh5 Be6 9. Nf3 h6 10. 0-0-0 Nd7 11. Bd3 Nf6 12. Qh2 c6 13. Ne5 Ng4 14. Nxg4 Bxg4 15. f3 Be6 16. e4 dxe4 17. Bxe4 Qa5 18. a3 0-0-0 19. Ne2 Qb5 20. Bd3 Qd5 21. c4 Qa5 22. Kb1 Rd7 23. Be3 Rhd8 24. Qf4 Bf6 25. Qxh6 Bf5 26. Bxf5 Qxf5+ 27. Ka2 Qc2 28. Nc3 Bxd4 29. Bxd4 Rxd4 30. Rxd4 Rxd4 31. Qf8+ Rd8 32. Qxf7 Qd3 33. Ne4 e5 34. g4 Qd7 35. Qf6 Qd4 36. Qe6+ Kc7 37. g5 b5 38. cxb5 axb5 39. g6 Qd5+ 40. Qxd5 cxd5 41. Nf6 e4 42. fxe4 dxe4 43. Nxe4 Rg8 44. Nc5 Rxg6 45. Kb3 Kb6 46. Nd7+ Kb7 47. Ne5 Rg3+ 48. Kb4 Kb6 49. Nd7+ Kc6 50. Ne5+ Kb6 51. b3 Rh3 52. Nd7+ Kc6 53. Ne5+ Kb6 54. Nf7 Rh4+ 55. Kc3 Kc5 56. Ne5 Rh3+ 57. Kb2 Kd4 58. Nc6+ Kd3 59. Ne5+ Kd4 60. Nc6+ Kd3 61. Na7 Rh2+ 62. Kb1 Kc3 63. Nxb5+ Kxb3 64. Kc1 Rh1+ 65. Kd2 Rh2+ 66. Ke3 Rh5 67. Nd4+ Kxa3 68. Nf3 Rh3 69. Kf4 Kb4 70. Kg4 Rh8 71. Kf4 Rg8 72. Ke4 Kc5 73. Nd4 Re8+ 74. Kd3 Rd8 75. Kc3 Rxd4 0-1

[Event "Titled Tuesday intern op 19th May"]
[Site "Chess.com INT"]
[Date "2020.05.19"]
[Round "3"]
[White "Ravuri, Vinesh"]
[Black "Radzhabov, Rodion"]
[Result "1/2-1/2"]
[WhiteElo "2166"]
[BlackElo "2351"]
[PlyCount "154"]
[EventDate "2020.05.19"]
[EventType "swiss (blitz)"]
[EventRounds "10"]
[EventCountry "USA"]
[SourceTitle "EXT 2021"]
[Source "ChessBase"]
[SourceDate "2020.10.23"]
[SourceVersion "1"]
[SourceVersionDate "2020.10.23"]
[SourceQuality "1"]

1. d4 Nf6 2. Nc3 d5 3. Bf4 a6 4. e3 c5 5. dxc5 Nc6 6. Nf3 Bg4 7. Be2 e6 8. a3 Bxc5 9. h3 Bh5 10. 0-0 0-0 11. Ne5 Bxe2 12. Qxe2 Rc8 13. Rad1 Qe7 14. Na4 Bd6 15. Nxc6 Rxc6 16. Bxd6 Qxd6 17. c4 Qe5 18. cxd5 Nxd5 19. e4 Nf4 20. Qf3 h6 21. b4 b6 22. Rc1 Rfc8 23. Rxc6 Rxc6 24. Rd1 Rc2 25. Nxb6 Ne2+ 26. Kh1 Nc3 27. Re1 Qd4 28. Qe3 e5 29. Nd5 Nxd5 30. Qxd4 exd4 31. exd5 d3 32. Rd1 d2 33. Kh2 Kf8 34. Kg3 Ke7 35. Kf3 Kd6 36. Ke2 Ra2 37. Rxd2 Rxa3 38. g3 a5 39. bxa5 Rxa5 40. Ke3 Rxd5 41. Ra2 Ke6 42. Ra6+ Rd6 43. Ra7 Rd7 44. Ra4 Rd6 45. h4 Kf6 46. Kf3 h5 47. Ra7 g6 48. Ra5 Kg7 49. Kg2 Rf6 50. Ra4 Re6 51. Rd4 Rf6 52. f3 Re6 53. g4 hxg4 54. fxg4 Re2+ 55. Kg3 Ra2 56. Rd3 Ra4 57. Rf3 Ra5 58. Rf4 Ra6 59. g5 Ra3+ 60. Kg4 Ra1 61. Rf3 Rg1+ 62. Kh3 Rh1+ 63. Kg3 Rg1+ 64. Kh2 Ra1 65. Rf4 Ra2+ 66. Kg3 Ra3+ 67. Kg4 Ra1 68. Rc4 Rg1+ 69. Kf4 Rf1+ 70. Ke5 Re1+ 71. Kd6 Rd1+ 72. Kc7 Rd2 73. Rf4 Rd1 74. Kc6 Rd2 75. Kc5 Rd1 76. Kc4 Rd2 77. Kc3 Rd1 1/2-1/2

[Event "PRO League Stage"]
[Site "Chess.com INT"]
[Date "2019.03.13"]
[Round "10"]
[White "Ravuri, Vinesh"]
[Black "Zhu, Jiner"]
[Result "0-1"]
[WhiteElo "2042"]
[BlackElo "2424"]
[PlyCount "174"]
[EventDate "2019.01.08"]
[EventType "team-swiss (rapid)"]
[EventRounds "10"]
[EventCountry "USA"]
[SourceTitle "CBM 189 Extra"]
[Source "ChessBase"]
[SourceDate "2019.06.03"]
[SourceVersion "1"]
[SourceVersionDate "2019.06.03"]
[SourceQuality "1"]
[WhiteTeam "San Jose Hackers"]
[BlackTeam "Dallas Destiny"]
[WhiteTeamCountry "USA"]
[BlackTeamCountry "USA"]

1. d4 Nf6 2. Nc3 d5 3. Bf4 Bf5 4. e3 e6 5. f3 h6 6. g4 Bg6 7. h4 Bd6 8. Nh3 c6 9. Bd3 Bxd3 10. Qxd3 Qe7 11. 0-0-0 Nbd7 12. e4 Bxf4+ 13. Nxf4 dxe4 14. Nxe4 Nd5 15. Nxd5 cxd5 16. Nc3 0-0-0 17. Kb1 Kb8 18. Qe3 Qd6 19. Nb5 Qc6 20. Qf4+ e5 21. dxe5 Qxb5 22. e6+ Ka8 23. exd7 Rxd7 24. Qd4 f6 25. c4 Qa5 26. cxd5 Rhd8 27. d6 Rxd6 28. Qxd6 Rxd6 29. Rxd6 a6 30. Rhd1 Qe5 31. h5 Qf4 32. R1d3 f5 33. Rd8+ Ka7 34. R8d4 Qe5 35. a3 fxg4 36. fxg4 Qe2 37. Ka2 Kb6 38. Rb3+ Kc5 39. Rdb4 b5 40. a4 bxa4 41. Rxa4 Qe6 42. Ka3 Qe2 43. Rc3+ Kd5 44. Rf4 Ke5 45. Ra4 Kd5 46. Ka2 Qe6 47. Rac4 Qe2 48. Rc8 Qxg4 49. R3c5+ Kd6 50. R8c6+ Kd7 51. Rxa6 Qb4 52. Rca5 Kc7 53. Ra3 Qc4+ 54. Kb1 Qf1+ 55. Ka2 Qc4+ 56. Kb1 Qe4+ 57. Ka1 Qh1+ 58. Ka2 Qd5+ 59. Ka1 Qd1+ 60. Ka2 Qd5+ 61. Kb1 Qd1+ 62. Ka2 Qd5+ 63. Ka1 Qd1+ 64. Ka2 Qxh5 65. Ra7+ Kd8 66. Ra8+ Ke7 67. R3a7+ Kf6 68. Ra6+ Kf7 69. R6a7+ Kg6 70. Ra5 Qe2 71. R8a6+ Kh7 72. Rb6 Qc4+ 73. Ka3 Qd3+ 74. b3 Qe3 75. Rab5 Qc3 76. Ka4 Qa1+ 77. Kb4 Qd4+ 78. Ka3 Qa1+ 79. Kb4 Qd1 80. Ka3 h5 81. Rc5 h4 82. Rbb5 g6 83. Rc4 Qa1+ 84. Kb4 Qe1+ 85. Ka3 h3 86. Rbc5 h2 87. Rc1 h1Q 0-1

[Event "PRO League Stage"]
[Site "Chess.com INT"]
[Date "2019.03.13"]
[Round "10"]
[White "Song, Raymond"]
[Black "Ravuri, Vinesh"]
[Result "0-1"]
[WhiteElo "2329"]
[BlackElo "2042"]
[PlyCount "160"]
[EventDate "2019.01.08"]
[EventType "team-swiss (rapid)"]
[EventRounds "10"]
[EventCountry "USA"]
[SourceTitle "CBM 189 Extra"]
[Source "ChessBase"]
[SourceDate "2019.06.03"]
[SourceVersion "1"]
[SourceVersionDate "2019.06.03"]
[SourceQuality "1"]
[WhiteTeam "Australia Kangaroos"]
[BlackTeam "San Jose Hackers"]
[WhiteTeamCountry "AUS"]
[BlackTeamCountry "USA"]

1. d4 Nf6 2. Nf3 g6 3. g3 Bg7 4. Bg2 0-0 5. 0-0 d6 6. b3 c5 7. c4 Nc6 8. Bb2 Bg4 9. d5 Na5 10. h3 Bd7 11. Nbd2 b5 12. Qc2 Rb8 13. e4 bxc4 14. Bc3 cxb3 15. axb3 Nb7 16. Rxa7 Ne8 17. Rfa1 Nc7 18. Bxg7 Kxg7 19. Nc4 Nb5 20. R7a6 f6 21. Nb6 Nd4 22. Nxd4 cxd4 23. Nxd7 Qxd7 24. b4 Rfc8 25. Qd3 Nd8 26. Qxd4 Rc7 27. Bf1 Nf7 28. R6a3 Rbc8 29. b5 Rc1 30. Kg2 Ne5 31. Rxc1 Rxc1 32. Ra7 Qd8 33. Qe3 Rb1 34. Be2 Rb2 35. Bf1 Rb1 36. Qc3 Kf7 37. Qc7 Qxc7 38. Rxc7 Ke8 39. Rc8+ Kf7 40. Rc2 f5 41. f4 Nd7 42. exf5 gxf5 43. Rc7 Nc5 44. g4 Ne4 45. gxf5 Rb2+ 46. Kg1 Ng3 47. Bd3 Nh5 48. Rb7 Nxf4 49. Bf1 Kf6 50. Bc4 Rb1+ 51. Kf2 Rb4 52. Bf1 Nxd5 53. Rb8 Kxf5 54. Bd3+ Ke5 55. Bxh7 Rh4 56. Bg8 Rh8 57. Ra8 Nf6 58. Bd5 Rxh3 59. b6 Kxd5 60. b7 Nd7 61. Rd8 Rb3 62. Rxd7 e5 63. Ke2 Kc6 64. Rd8 Rxb7 65. Kd3 Kd5 66. Ra8 Rb3+ 67. Kd2 Rb4 68. Kd3 Rh4 69. Ra5+ Ke6 70. Ke3 d5 71. Ra8 Rh3+ 72. Ke2 Kf5 73. Ra4 d4 74. Kd2 Ke4 75. Ra8 Rh2+ 76. Kd1 Ke3 77. Rg8 Rh1+ 78. Kc2 d3+ 79. Kc3 d2 80. Rg3+ Kf4 0-1

[Event "PRO League Stage"]
[Site "Chess.com INT"]
[Date "2019.02.27"]
[Round "8"]
[White "Ravuri, Vinesh"]
[Black "Moradiabadi, Elshan"]
[Result "0-1"]
[WhiteElo "2042"]
[BlackElo "2546"]
[PlyCount "74"]
[EventDate "2019.01.08"]
[EventType "team-swiss (rapid)"]
[EventRounds "10"]
[EventCountry "USA"]
[SourceTitle "CBM 189 Extra"]
[Source "ChessBase"]
[SourceDate "2019.06.03"]
[SourceVersion "1"]
[SourceVersionDate "2019.06.03"]
[SourceQuality "1"]
[WhiteTeam "San Jose Hackers"]
[BlackTeam "Montclair Sopranos"]
[WhiteTeamCountry "USA"]
[BlackTeamCountry "USA"]

1. b3 e5 2. Bb2 Nc6 3. Nf3 Bd6 4. g3 Nf6 5. Bg2 0-0 6. 0-0 Re8 7. d3 Bf8 8. c4 d6 9. Nc3 Bf5 10. a3 a5 11. d4 e4 12. Nh4 Bd7 13. d5 Nb8 14. Qd4 c5 15. Qd2 Na6 16. f3 e3 17. Qd3 Nc7 18. Ne4 Nh5 19. f4 b5 20. Ng5 g6 21. Bf3 Bg7 22. Bxg7 Nxg7 23. Ne4 Bf5 24. Nxf5 gxf5 25. Ng5 Rb8 26. Bg2 Qf6 27. Rab1 Rb7 28. a4 bxa4 29. bxa4 Rb4 30. Rf3 h6 31. Nh3 Qd4 32. Rd1 Rxc4 33. Qb3 Rb4 34. Qc2 Qc4 35. Qd3 Qxd3 36. Rxd3 c4 37. Rd1 Rxa4 0-1

[Event "PRO League Stage"]
[Site "Chess.com INT"]
[Date "2019.02.14"]
[Round "6"]
[White "Ravuri, Vinesh"]
[Black "Yu, Yangyi"]
[Result "0-1"]
[WhiteElo "2042"]
[BlackElo "2764"]
[PlyCount "60"]
[EventDate "2019.01.08"]
[EventType "team-swiss (rapid)"]
[EventRounds "10"]
[EventCountry "USA"]
[SourceTitle "CBM 189 Extra"]
[Source "ChessBase"]
[SourceDate "2019.06.03"]
[SourceVersion "1"]
[SourceVersionDate "2019.06.03"]
[SourceQuality "1"]
[WhiteTeam "San Jose Hackers"]
[BlackTeam "Chengdu Pandas"]
[WhiteTeamCountry "USA"]
[BlackTeamCountry "CHN"]

1. d4 d5 2. Nc3 Nf6 3. Bf4 e6 4. e3 Bb4 5. Bd3 c5 6. dxc5 Nbd7 7. Nge2 0-0 8. 0-0 Nxc5 9. a3 Nxd3 10. Qxd3 Be7 11. Rad1 Qb6 12. b4 Bd7 13. Be5 Rfd8 14. Bd4 Qc7 15. f4 Rac8 16. Rf3 a5 17. Rg3 axb4 18. axb4 Qc4 19. Qd2 Kf8 20. f5 exf5 21. Nf4 Be6 22. b5 Bb4 23. Nfe2 Ne4 24. Bxg7+ Ke7 25. Qc1 Nxc3 26. Nxc3 Bxc3 27. Qa3+ Qc5 28. Qa4 Bxg7 29. Rxg7 Qxe3+ 30. Kh1 Rc4 0-1

[Event "PRO League Stage"]
[Site "Chess.com INT"]
[Date "2019.02.14"]
[Round "6"]
[White "Zhang, Di"]
[Black "Ravuri, Vinesh"]
[Result "0-1"]
[WhiteElo "1966"]
[BlackElo "2042"]
[PlyCount "36"]
[EventDate "2019.01.08"]
[EventType "team-swiss (rapid)"]
[EventRounds "10"]
[EventCountry "USA"]
[SourceTitle "CBM 189 Extra"]
[Source "ChessBase"]
[SourceDate "2019.06.03"]
[SourceVersion "1"]
[SourceVersionDate "2019.06.03"]
[SourceQuality "1"]
[WhiteTeam "Chengdu Pandas"]
[BlackTeam "San Jose Hackers"]
[WhiteTeamCountry "CHN"]
[BlackTeamCountry "USA"]

1. d4 Nf6 2. c4 g6 3. Nc3 Bg7 4. e4 d6 5. Nf3 0-0 6. Be2 e5 7. dxe5 dxe5 8. Qd7 Qxd7 9. Nxe5 Qe8 10. Nf3 Nxe4 11. Nxe4 Qxe4 12. Nd2 Qe6 13. Kd1 Nc6 14. Re1 Nd4 15. Bd3 Qg4+ 16. f3 Qxg2 17. Rf1 Rd8 18. Rb1 Bf5 0-1

[Event "PRO League Stage"]
[Site "Chess.com INT"]
[Date "2019.01.22"]
[Round "3"]
[White "Song, Raymond"]
[Black "Ravuri, Vinesh"]
[Result "1-0"]
[WhiteElo "2329"]
[BlackElo "2042"]
[PlyCount "79"]
[EventDate "2019.01.08"]
[EventType "team-swiss (rapid)"]
[EventRounds "10"]
[EventCountry "USA"]
[SourceTitle "CBM 188 Extra"]
[Source "ChessBase"]
[SourceDate "2019.02.26"]
[SourceVersion "1"]
[SourceVersionDate "2019.02.26"]
[SourceQuality "1"]
[WhiteTeam "Australia Kangaroos"]
[BlackTeam "San Jose Hackers"]
[WhiteTeamCountry "AUS"]
[BlackTeamCountry "USA"]

1. d4 Nf6 2. Bg5 d5 3. Nd2 g6 4. Bxf6 exf6 5. g3 Bg7 6. Bg2 0-0 7. e3 f5 8. Ne2 c6 9. 0-0 Nd7 10. c4 dxc4 11. Nxc4 Nb6 12. Nd2 Re8 13. Nf4 Qd6 14. Rc1 Be6 15. Nxe6 Qxe6 16. Nb3 Rad8 17. Nc5 Qc8 18. Qb3 Bf8 19. Nd3 Bd6 20. Rfd1 h5 21. a4 Qe6 22. Qxe6 fxe6 23. a5 Nd5 24. a6 bxa6 25. Rxc6 Nb6 26. Ra1 Rc8 27. Rxa6 Rxc6 28. Bxc6 Rc8 29. Bf3 Rc7 30. Kg2 Kf7 31. b4 Ke7 32. b5 Nd7 33. Ra2 e5 34. dxe5 Nxe5 35. Nf4 Kf7 36. Bd5+ Kf6 37. Ra6 Rd7 38. Be6 Rd8 39. Bb3 Rd7 40. Ba4 1-0

[Event "PRO League Stage"]
[Site "Chess.com INT"]
[Date "2019.01.16"]
[Round "2"]
[White "Beerdsen, Thomas"]
[Black "Ravuri, Vinesh"]
[Result "1/2-1/2"]
[WhiteElo "2484"]
[BlackElo "2042"]
[PlyCount "102"]
[EventDate "2019.01.08"]
[EventType "team-swiss (rapid)"]
[EventRounds "10"]
[EventCountry "USA"]
[SourceTitle "CBM 188 Extra"]
[Source "ChessBase"]
[SourceDate "2019.02.26"]
[SourceVersion "1"]
[SourceVersionDate "2019.02.26"]
[SourceQuality "1"]
[WhiteTeam "Minnesota Blizzard"]
[BlackTeam "San Jose Hackers"]
[WhiteTeamCountry "USA"]
[BlackTeamCountry "USA"]

1. e4 e5 2. Nf3 Nc6 3. d4 exd4 4. Nxd4 Nf6 5. Nxc6 bxc6 6. e5 Qe7 7. Qe2 Nd5 8. h4 Qe6 9. Nd2 a5 10. g3 Ba6 11. c4 Nb6 12. b3 Bb4 13. Bh3 Qe7 14. 0-0 0-0 15. Ne4 Rae8 16. Bb2 d5 17. Nf6+ Qxf6 18. Qc2 Qe7 19. Rfd1 dxc4 20. bxc4 Bc8 21. Bg2 Be6 22. Rd4 Rd8 23. Be4 h6 24. Bh7+ Kh8 25. Bd3 Rxd4 26. Bxd4 Rd8 27. Bb2 Bc5 28. Qe2 Qd7 29. Bc2 Qd2 30. Rd1 Bxf2+ 31. Qxf2 Qxf2+ 32. Kxf2 Rxd1 33. Bxd1 Bxc4 34. a4 Nd5 35. Kf3 Kg8 36. Ke4 Kf8 37. Kd4 Ba6 38. Bf3 Ke7 39. Bxd5 cxd5 40. Kxd5 Kd7 41. Bc3 Bb7+ 42. Kc5 Bc6 43. Bxa5 Bxa4 44. Bc3 Ke6 45. Kd4 Kf5 46. Ke3 Kg4 47. Kf2 g6 48. Bd2 h5 49. Bf4 Kf5 50. Ke3 Bd7 51. Kd4 f6 1/2-1/2

[Event "PRO League Stage"]
[Site "Chess.com INT"]
[Date "2018.03.07"]
[Round "9"]
[White "Brown, Michael William"]
[Black "Ravuri, Vinesh"]
[Result "1-0"]
[WhiteElo "2506"]
[BlackElo "1990"]
[PlyCount "59"]
[EventDate "2018.01.18"]
[EventType "team-swiss (rapid)"]
[EventRounds "9"]
[EventCountry "USA"]
[SourceTitle "EXT 2019"]
[Source "ChessBase"]
[SourceDate "2018.10.10"]
[SourceVersion "1"]
[SourceVersionDate "2018.10.10"]
[SourceQuality "1"]
[WhiteTeam "San Diego Surfers"]
[BlackTeam "San Jose Hackers"]
[WhiteTeamCountry "USA"]
[BlackTeamCountry "USA"]

1. d4 Nf6 2. c4 g6 3. Nc3 Bg7 4. e4 0-0 5. Nf3 d6 6. Be2 e5 7. Be3 Ng4 8. Bg5 f6 9. Bh4 g5 10. Bg3 Nh6 11. d5 Nd7 12. Nd2 f5 13. exf5 Nf6 14. Nde4 Nxe4 15. Nxe4 Bxf5 16. Bd3 g4 17. 0-0 Nf7 18. Nc5 Bxd3 19. Ne6 Qf6 20. Qxd3 Rfc8 21. f3 Qg6 22. Qxg6 hxg6 23. fxg4 Nd8 24. Ng5 Bh6 25. Ne4 Nf7 26. Rf6 Kg7 27. Raf1 Be3+ 28. Bf2 Bxf2+ 29. R1xf2 Rf8 30. Re6 1-0

[Event "PRO League Stage"]
[Site "Chess.com INT"]
[Date "2018.03.07"]
[Round "9"]
[White "Sheng, Joshua"]
[Black "Ravuri, Vinesh"]
[Result "1-0"]
[WhiteElo "2392"]
[BlackElo "1990"]
[PlyCount "77"]
[EventDate "2018.01.18"]
[EventType "team-swiss (rapid)"]
[EventRounds "9"]
[EventCountry "USA"]
[SourceTitle "EXT 2019"]
[Source "ChessBase"]
[SourceDate "2018.10.10"]
[SourceVersion "1"]
[SourceVersionDate "2018.10.10"]
[SourceQuality "1"]
[WhiteTeam "San Diego Surfers"]
[BlackTeam "San Jose Hackers"]
[WhiteTeamCountry "USA"]
[BlackTeamCountry "USA"]

1. c4 Nf6 2. Nc3 g6 3. g3 Bg7 4. Bg2 0-0 5. e3 d6 6. Nge2 c6 7. 0-0 Nbd7 8. d3 e5 9. Rb1 a5 10. a3 Re8 11. b4 axb4 12. axb4 Nf8 13. Bb2 Be6 14. Ra1 Qb6 15. Na4 Qc7 16. Qc2 Bf5 17. e4 Bd7 18. d4 Ne6 19. dxe5 dxe5 20. c5 Ng5 21. Nb6 Rxa1 22. Rxa1 Bg4 23. Ra3 Bh3 24. f3 Rd8 25. Bxh3 Nxh3+ 26. Kg2 Ng5 27. Rd3 Ne6 28. Qd2 Ne8 29. Nc4 Ra8 30. Rd7 Qb8 31. Qd3 h5 32. Qb3 h4 33. Re7 h3+ 34. Kf2 Qd8 35. Rxb7 Qf6 36. Bxe5 Qg5 37. Bxg7 Kxg7 38. Nb6 Ra1 39. Qxe6 1-0

[Event "PRO League Stage"]
[Site "Chess.com INT"]
[Date "2018.02.24"]
[Round "7"]
[White "Gonzalez, Francisco Silva"]
[Black "Ravuri, Vinesh"]
[Result "0-1"]
[WhiteElo "2076"]
[BlackElo "1990"]
[PlyCount "70"]
[EventDate "2018.01.18"]
[EventType "team-swiss (rapid)"]
[EventRounds "9"]
[EventCountry "USA"]
[SourceTitle "EXT 2019"]
[Source "ChessBase"]
[SourceDate "2018.10.10"]
[SourceVersion "1"]
[SourceVersionDate "2018.10.10"]
[SourceQuality "1"]
[WhiteTeam "Norway Gnomes"]
[BlackTeam "San Jose Hackers"]
[WhiteTeamCountry "NOR"]
[BlackTeamCountry "USA"]

1. d4 Nf6 2. c4 g6 3. Nc3 Bg7 4. e4 d6 5. f3 0-0 6. Be3 c5 7. Nge2 Nc6 8. d5 Ne5 9. Ng3 h5 10. Be2 h4 11. Nf1 e6 12. Nd2 h3 13. g3 exd5 14. cxd5 a6 15. 0-0 b5 16. Qc2 Rb8 17. a4 Bd7 18. Bg5 Qb6 19. axb5 axb5 20. Be3 Qc7 21. Ra6 b4 22. Nd1 Ra8 23. Rxa8 Rxa8 24. Nc4 Nxc4 25. Bxc4 Qb6 26. Qd3 Bc8 27. Nf2 Nd7 28. f4 Bxb2 29. Nxh3 Ra3 30. Qc2 Bg7 31. Bb3 Ba6 32. Re1 Qb5 33. e5 dxe5 34. Bc1 Ra1 35. Bd2 Rxe1+ 0-1

[Event "PRO League Stage"]
[Site "Chess.com INT"]
[Date "2018.02.14"]
[Round "6"]
[White "Ravuri, Vinesh"]
[Black "Wang, Yue"]
[Result "0-1"]
[WhiteElo "1990"]
[BlackElo "2690"]
[PlyCount "80"]
[EventDate "2018.01.18"]
[EventType "team-swiss (rapid)"]
[EventRounds "9"]
[EventCountry "USA"]
[SourceTitle "CBM 182 Extra"]
[Source "ChessBase"]
[SourceDate "2018.02.23"]
[SourceVersion "1"]
[SourceVersionDate "2018.02.23"]
[SourceQuality "1"]
[WhiteTeam "San Jose Hackers"]
[BlackTeam "Chengdu Pandas"]
[WhiteTeamCountry "USA"]
[BlackTeamCountry "CHN"]

1. d4 Nf6 2. c4 e6 3. g3 c5 4. d5 exd5 5. cxd5 d6 6. Bg2 g6 7. Nc3 Bg7 8. Nf3 0-0 9. 0-0 Re8 10. Bf4 Nh5 11. Bg5 Nf6 12. Qd2 Nbd7 13. e4 Qb6 14. Rfe1 Ng4 15. Rab1 Nde5 16. Nxe5 Nxe5 17. Bf4 Bd7 18. h3 Qb4 19. Qc2 b5 20. a3 Qa5 21. Kh1 b4 22. axb4 cxb4 23. Ne2 Rec8 24. Qd1 Qb6 25. Be3 Qb7 26. Nd4 Nc4 27. Bf4 Qb6 28. Nc6 Bxc6 29. dxc6 Rxc6 30. Qe2 Rac8 31. b3 Ne5 32. Be3 Qc7 33. Ra1 Rc2 34. Qd1 Qc3 35. Rxa7 Qxb3 36. Qxd6 h5 37. Bd4 Nf3 38. Bxg7 Nxe1 39. Bd4 Rc1 40. Kh2 Nf3+ 0-1

[Event "PRO League Stage"]
[Site "Chess.com INT"]
[Date "2018.02.03"]
[Round "4"]
[White "Ravuri, Vinesh"]
[Black "Bora, Safal"]
[Result "1-0"]
[WhiteElo "1990"]
[BlackElo "2370"]
[PlyCount "99"]
[EventDate "2018.01.18"]
[EventType "team-swiss (rapid)"]
[EventRounds "9"]
[EventCountry "USA"]
[SourceTitle "CBM 182 Extra"]
[Source "ChessBase"]
[SourceDate "2018.02.23"]
[SourceVersion "1"]
[SourceVersionDate "2018.02.23"]
[SourceQuality "1"]
[WhiteTeam "San Jose Hackers"]
[BlackTeam "Pittsburgh Pawngrabbers"]
[WhiteTeamCountry "USA"]
[BlackTeamCountry "USA"]

1. d4 Nf6 2. c4 g6 3. Nc3 d5 4. Bg5 Bg7 5. Bxf6 Bxf6 6. cxd5 c6 7. e4 0-0 8. e5 Bg7 9. Bc4 b5 10. Bb3 b4 11. Nce2 cxd5 12. h4 h6 13. Nf4 e6 14. Nf3 Nc6 15. Bc2 Ba6 16. Bd3 Qb6 17. Bxa6 Qxa6 18. Qd3 Qb6 19. 0-0 Rfc8 20. Rfc1 Na5 21. b3 Qb7 22. Qd2 Bf8 23. Nd3 Qb6 24. Nc5 Nc6 25. Nd7 Qd8 26. Nf6+ Kh8 27. Qf4 Bg7 28. Ng4 Qf8 29. Qd2 a5 30. g3 Na7 31. Kg2 h5 32. Nf6 Nb5 33. Qf4 Rc3 34. Rh1 Ra7 35. g4 Bxf6 36. exf6 Nd6 37. Ng5 Rac7 38. Rag1 Rc2 39. gxh5 gxh5 40. Kh3 Nf5 41. Nf3 R2c3 42. Rg5 Qh6 43. Rhg1 Rc8 44. Kh2 Qh7 45. Ne5 Rc2 46. Rg7 Nxg7 47. fxg7+ Qxg7 48. Rxg7 Kxg7 49. Qxf7+ Kh8 50. Ng6# 1-0